00368nam a2200145Ia 4500008004100000020001800041041000800059082001600067100002300083245004600106260002300152300000800175365001600183700002300199230718s9999 xx 000 0 und d a9780670083299 aeng a221.95bADV aAdvani R. (Editor) aWritten For EverbThe Best Of Civil Lines c2009bPenguin Book a392 cRs.b395.00 aAdvani R. (Editor)